| 000 | 00941nam a2200277Ia 4500 | ||
|---|---|---|---|
| 001 | Para_1033 | ||
| 003 | CHAP | ||
| 008 | 220125s1994 xx 000 0 und d | ||
| 010 | _a199759 | ||
| 040 | _cCHAP | ||
| 090 | _aPA TESIS 999 | ||
| 100 |
_aRodríguez Peredo, Jesus Martin _998780 |
||
| 245 |
_aControl quimico de la cenicilla (Sphaerotheca pannosa var. rosae) en rosal (Rosa spp.) en Villa Guerrero, Estado de México / _c por Jesus Martin Rodríguez Peredo |
||
| 260 |
_aChapingo, Méx. : _b El autor |
||
| 300 | _a71 h. | ||
| 502 | _aTesis (Ing. Agr. Esp. en Parasitología Agrícola) -- UACh. Depto. Parasitología | ||
| 650 |
_aRosas _x enfermedades _999967 |
||
| 710 |
_aUACh. Departamento Parasitología Agrícola _9164025 |
||
| 901 | _aPA TESIS 999 | ||
| 902 | _aA | ||
| 905 | _a0000001994 0000000000 00 | ||
| 910 | _a1994 | ||
| 942 | _cPARA | ||
| 942 |
_cPARA _d1 |
||
| 999 |
_c199759 _d199759 |
||